000 00330nab a22001097u 4500
008 130520b1973 xxu||||| |||| 00| 0 spa d
041 _aspa
100 1 _aAranda Ramírez, Adalberto
_981111
245 0 0 _aGabriel Marcel
_cAdalberto Aranda Ramírez
773 0 _tLogos
_gV.1, nº3,1973,págs. 467-473
_x0185-6375
_wRev257
942 _cAR
999 _c406794
_d406794